| 000 | 00672nam a2200229Ia 4500 | ||
|---|---|---|---|
| 001 | 809 | ||
| 003 | GE_BSU | ||
| 008 | 181216s||||||||xx |||||||||||||| ||und|| | ||
| 040 | _cGE_BSU | ||
| 080 | _a821.161.1(072) | ||
| 100 | _aБуленький, Г.И. | ||
| 245 | _aМетодическое руководство к учебнику-хрестоматий "Родная литература | ||
| 245 | _bДля 7 класса | ||
| 250 | _a4-е перер. | ||
| 260 | _aМосква | ||
| 260 | _bПросвещение | ||
| 260 | _c1978 | ||
| 300 | _a256 л. | ||
| 541 | _h8л. | ||
| 653 | _aМетодическое руководство | ||
| 942 | _cBK | ||
| 999 |
_c34974 _d34974 |
||